| 000 | 00769cab a2200241 4500 | ||
|---|---|---|---|
| 001 | WB3015-67 | ||
| 008 | 090401t1994 xxu||||| |||| 00| 0 eng d | ||
| 035 | _a(Sirsi) u30603 | ||
| 041 | _aeng | ||
| 245 | _aRetreat on CGT measure | ||
| 260 | _c1994 | ||
| 350 | _a0 | ||
| 490 |
_aFinancial Times _v16 April 1994, 1,24,II&IX; 19 April 1994, 8 |
||
| 490 |
_aInland Revenue Press Release _v15 April 1994 (8) |
||
| 520 | _aThe Government has said that individual taxpayers can continue temporarily to take account of inflation when calulating losses for capital gains tax purposes. | ||
| 650 | _aCAPITAL GAINS TAX | ||
| 650 | _aINDEXATION | ||
| 650 | _aTAX RELIEF | ||
| 650 | _aTRANSITIONAL RELIEF | ||
| 690 | _aTAXATION | ||
| 942 | _n0 | ||
| 948 | _c04/03/1997 | ||
| 999 |
_c20630 _d20630 |
||